000 00485nam a2200169Ia 4500
999 _c37423
_d37423
003 OSt
005 20200929114948.0
008 190216s9999||||xx |||||||||||||| ||und||
040 _coclc
082 _a596
_bPUR/T
100 _aPuranik, P G
_93986
245 0 _aA Textbook Of Chordate Zoology /
_cP G Puranik ; R S Thakur
260 _bS Chand & Company,
_c1987.
_aNew Delhi:
300 _a292p
650 _aZoology
942 _cBK
_2ddc
_h596
_iPUR/T
_k596
_mPUR/T